| 000 | 00800nam a2200193 a 4500 | ||
|---|---|---|---|
| 001 | 001157917 | ||
| 003 | AM-YeHGA | ||
| 005 | 20250617152416.0 | ||
| 008 | 160620s1976 ru r 000 0 rus d | ||
| 040 | _aAM-YeHGA | ||
| 041 | 0 | _arus | |
| 245 | 0 | 0 |
_aПрикладная математика в технико-экономических задачах : _b[Сборник статей / _cНауч. ред. А.Н. Чекалин, Е.В. Ермолин]. |
| 260 |
_aКазань : _bИзд-во Казан. ун-та, _c1976. |
||
| 300 |
_a139 с. : _bил. |
||
| 504 | _aБиблиогр. в конце ст. | ||
| 650 | 1 | 4 | _aПрикладная математика в технико-экономических задачах |
| 700 | 1 |
_aЧекалин, А.Н. _eред. _4edt |
|
| 090 | _c372175 | ||
| 999 |
_c370299 _d370299 |
||